| 000 -LEADER |
| fixed length control field |
03461cam a2200409 i 4500 |
| 001 - CONTROL NUMBER |
| control field |
19220790 |
| 005 - DATE AND TIME OF LATEST TRANSACTION |
| control field |
20240229103910.0 |
| 008 - FIXED-LENGTH DATA ELEMENTS--GENERAL INFORMATION |
| fixed length control field |
160808s2017 nyua b 001 0 eng |
| 010 ## - LIBRARY OF CONGRESS CONTROL NUMBER |
| LC control number |
2016025175 |
| 020 ## - INTERNATIONAL STANDARD BOOK NUMBER |
| International Standard Book Number |
9781138947573 |
| 038 ## - RECORD CONTENT LICENSOR |
| Staff Name |
Malang Jan |
| 040 ## - CATALOGING SOURCE |
| Original cataloging agency |
DLC |
| Language of cataloging |
eng |
| Transcribing agency |
DLC |
| Description conventions |
rda |
| Modifying agency |
DLC |
| 042 ## - AUTHENTICATION CODE |
| Authentication code |
pcc |
| 043 ## - GEOGRAPHIC AREA CODE |
| Geographic area code |
as----- |
| 050 00 - LIBRARY OF CONGRESS CALL NUMBER |
| Classification number |
GF660 |
| Item number |
.C85 2017 |
| 082 00 - DEWEY DECIMAL CLASSIFICATION NUMBER |
| Classification number |
363.690954 |
| Edition number |
23 |
| Author Mark |
CUL |
| 245 00 - TITLE STATEMENT |
| Title |
Cultural landscapes of South Asia : |
| Remainder of title |
studies in heritage conservation and management / |
| Statement of responsibility, etc. |
edited by Kapila D. Silva and Amita Sinha. |
| 264 #1 - PRODUCTION, PUBLICATION, DISTRIBUTION, MANUFACTURE, AND COPYRIGHT NOTICE |
| Place of production, publication, distribution, manufacture |
New York, NY : |
| Name of producer, publisher, distributor, manufacturer |
Routledge,Taylor & Francis Group, |
| Date of production, publication, distribution, manufacture, or copyright notice |
2017. |
| 300 ## - PHYSICAL DESCRIPTION |
| Extent |
xix, 276 pages : |
| Other physical details |
illustrations ; |
| Dimensions |
24 cm. |
| 336 ## - CONTENT TYPE |
| Content type term |
text |
| Content type code |
txt |
| Source |
rdacontent |
| 337 ## - MEDIA TYPE |
| Media type term |
unmediated |
| Media type code |
n |
| Source |
rdamedia |
| 338 ## - CARRIER TYPE |
| Carrier type term |
volume |
| Carrier type code |
nc |
| Source |
rdacarrier |
| 490 0# - SERIES STATEMENT |
| Series statement |
Routledge research in landscape and environmental design |
| 504 ## - BIBLIOGRAPHY, ETC. NOTE |
| Bibliography, etc. note |
Includes bibliographical references and index. |
| 505 0# - FORMATTED CONTENTS NOTE |
| Formatted contents note |
Prologue : Imagining the Future of Conservation in South Asia / Rahul Mehrotra -- Conservation of Cultural Landscapes in Bhutan / Françoise Pommaret -- Blurring Boundaries and Moving Beyond the Tangible/Intangible and the Natural/Cultural Classifications of Heritage : Cases from Nepal / Neel Kamal Chapagain -- Cultures of the Landscape : A Paradigm of Enriching Diversity Un-recognized in the World Vision of Heritage in Pakistan / Anila Naeem -- The South Asian Shahar : Reimagining Shahariyat as Urban heritage / Jyoti Pandey Sharma -- The Historic Urban Landscape of Old Dhaka, Bangladesh / Farhana Ferdous -- "All the world coming and going" : the past and future of the Grand Trunk Road in Punjab, India / Manish Chalana -- The Modernist Historic Urban Landscape of Islamabad, Pakistan / Farhan Karim -- The Landscape Theatre of Sigiriya, Sri Lanka : Interaction of the Regal, Natural and Agricultural Landscapes / Nilan Cooray -- The symbolic authenticity of Kandy, Sri Lanka / Kapila D. Silva -- The Cultural Landscape of Pohela Boishakh Festival and the Making of a National Identity in Bangladesh / Nubras Samayeen and Sharif Shams Imon -- Tourism, Liquid Modernity and Bhutanese Traditional Festivals / Wantanee Suntikul -- Bhaktapur, Nepal : Heritage Values and Conservation Practices / Kapila D. Silva -- Getting the City Back to its People : Conservation and Management of Historic Ahmedabad, India / Debashish Nayak -- The Public Realm of Heritage Sites in India : Sustainable Approaches Towards Planning and Management / Amita Sinha -- Grounded Speculations on Cultural Landscape Conservation / Amita Sinha -- Epilogue : Prospects for Conserving South Asian Cultural Landscapes / Kapila D. Silva. |
| 650 #0 - SUBJECT ADDED ENTRY--TOPICAL TERM |
| Topical term or geographic name entry element |
Cultural landscapes |
| Geographic subdivision |
South Asia |
| Form subdivision |
Case studies. |
| 9 (RLIN) |
121650 |
| 650 #0 - SUBJECT ADDED ENTRY--TOPICAL TERM |
| Topical term or geographic name entry element |
Historic sites |
| General subdivision |
Conservation and restoration |
| Geographic subdivision |
South Asia |
| Form subdivision |
Case studies. |
| 9 (RLIN) |
121651 |
| 650 #0 - SUBJECT ADDED ENTRY--TOPICAL TERM |
| Topical term or geographic name entry element |
Historic sites |
| Geographic subdivision |
South Asia |
| General subdivision |
Management |
| Form subdivision |
Case studies. |
| 9 (RLIN) |
121652 |
| 650 #0 - SUBJECT ADDED ENTRY--TOPICAL TERM |
| Topical term or geographic name entry element |
Historic preservation |
| Geographic subdivision |
South Asia |
| Form subdivision |
Case studies. |
| 9 (RLIN) |
121653 |
| 650 #0 - SUBJECT ADDED ENTRY--TOPICAL TERM |
| Topical term or geographic name entry element |
Cultural property |
| General subdivision |
Protection |
| Geographic subdivision |
South Asia |
| Form subdivision |
Case studies. |
| 9 (RLIN) |
121654 |
| 650 #0 - SUBJECT ADDED ENTRY--TOPICAL TERM |
| Topical term or geographic name entry element |
Cultural property |
| Geographic subdivision |
South Asia |
| General subdivision |
Management |
| Form subdivision |
Case studies. |
| 9 (RLIN) |
121655 |
| 700 1# - ADDED ENTRY--PERSONAL NAME |
| Personal name |
Silva, Kapila D., |
| Relator term |
editor. |
| 9 (RLIN) |
121656 |
| 700 1# - ADDED ENTRY--PERSONAL NAME |
| Personal name |
Sinha, Amita, |
| Relator term |
editor. |
| 9 (RLIN) |
121146 |
| 906 ## - LOCAL DATA ELEMENT F, LDF (RLIN) |
| a |
7 |
| b |
cbc |
| c |
orignew |
| d |
1 |
| e |
ecip |
| f |
20 |
| g |
y-gencatlg |
| 942 ## - ADDED ENTRY ELEMENTS (KOHA) |
| Source of classification or shelving scheme |
|
| Koha item type |
Book |